000
00316nam a22001337a 4500
008
180904b xxu||||| |||| 00| 0 eng d
020
_a
9780803619173
041
_a
eng
080
_2
6 ED
_a
610.73
100
_a
1
101
_a
INF
245
_a
Psychiatric Mnetal Health Nursing
_c
Townsed,m,C
942
_2
udc
_c
BK
999
_c
47512
_d
47512